Mastering public administration. From Max Weber to Dwight Waldo
Պահպանված է:
| Հիմնական հեղինակներ: | , |
|---|---|
| Ձևաչափ: | Գիրք |
| Հրապարակվել է: |
Washington, D.C., USA:
CQ Press,
2008.
|
| Հրատարակություն: | Second edition. |
| Խորագրեր: | |
| Ցուցիչներ: |
Ավելացրեք ցուցիչ
Չկան պիտակներ, Եղեք առաջինը, ով նշում է այս գրառումը!
|
MARC
| LEADER | 00000nam a22000007a 4500 | ||
|---|---|---|---|
| 003 | CL-VaPUC | ||
| 005 | 20240402164143.0 | ||
| 008 | 240322t2008 ||||| |||| 00| 0 eng d | ||
| 999 | |c 443303 |d 443301 | ||
| 020 | |a 978-1-9333116-82-2 | ||
| 040 | |c Pontificia Universidad Católica de Valparaíso | ||
| 082 | 7 | |a 351.0922 FRY 2008 |2 22 | |
| 100 | 1 | |a Fry, Brian R. |e author |9 887914 | |
| 245 | |a Mastering public administration. |b From Max Weber to Dwight Waldo | ||
| 250 | |a Second edition. | ||
| 260 | |a Washington, D.C., USA: |b CQ Press, |c 2008. | ||
| 300 | |a xii, 386 páginas. | ||
| 500 | |a c.1. Donación MEM EII Nº2/2021 -25-1-2024 | ||
| 583 | |c 20240322 |k GC | ||
| 650 | |a Administración pública |x Historia |9 887915 | ||
| 700 | |a Raadschelders, Jos C.N. |e author |9 887917 | ||
| 942 | |2 ddc |c BK | ||
| 952 | |0 0 |1 0 |2 ddc |4 0 |6 351_092200000000000_FRY_2008 |7 0 |8 A |9 593791 |a BIBING |b BIBING |d 2024-03-22 |e Donación |i 5660464 |o 351.0922 FRY 2008 |p 5660464 |r 2025-01-20 |t 1 |w 2024-03-22 |y BK |k EII | ||